000 00701nam a2200229Ii 4500
003 JO-AjNU
005 20240713075337.0
008 230605s9999||||xx |||||||||||||| ||und||
040 _aJO-AjNU
_bara
_erda
_cJO-AjNU
041 _aara
050 1 4 _aPJ7698 2004
100 3 _aإعداد محمود بديع,
_eauthor
_98037
245 0 0 _aديوان الإمام علي بن أبي طالب وحكمه
250 _aط1
264 3 1 _aعمان:دار الإسراء،2004
300 _a96ص
336 _atext
_btxt
_2rdacontent
337 _aunmediated
_bn
_2rdamedia
338 _avolume
_bnc
_2rdacarrier
650 4 _aالشعر العربي - عصر صدر الإسلام
_98038
942 _2lcc
_cREF
999 _c4152
_d4152